| 000 | 00554nam a2200181Ia 4500 | ||
|---|---|---|---|
| 008 | 100920s9999 xx 000 0 und d | ||
| 082 |
_b10455 _a910 थ 57 |
||
| 100 | _aपुनर्वसू शशिकांत. | ||
| 245 | _aऊब आणि गारठा. | ||
| 260 |
_bमौज प्रकाशन. _c1957 |
||
| 300 |
_a159 _bसाधी |
||
| 365 | _b4 | ||
| 520 | _aभू.प्र. | ||
| 630 | _aऊब आणि गारठा. | ||
| 650 | _aभू.प्र. | ||
| 730 | _aऊब आणि गारठा. | ||
| 942 | _cBOOK | ||
| 999 |
_c676881 _d676878 |
||